Group Representation Theory (in 2 parts) : Modular Representation Theory
Αποθηκεύτηκε σε:
| Κύριος συγγραφέας: | |
|---|---|
| Μορφή: | Βιβλίο |
| Γλώσσα: | English |
| Δημοσίευση: |
New York :
Marcel Dekker,
1972
|
| Σειρά: | Pure and applied mathematics (Academic Press)
|
| Θέματα: | |
| Ετικέτες: |
Προσθήκη ετικέτας
Δεν υπάρχουν, Καταχωρήστε ετικέτα πρώτοι!
|
MARC
| LEADER | 00000nam a2200000 i 4500 | ||
|---|---|---|---|
| 001 | 1/37228 | ||
| 008 | 941122s1972 eng d | ||
| 020 | |a 0-8247-1148-3 | ||
| 035 | |a 1994 |c ΚΑΝΔΥΛΑΚΗΣ |l 10040455 | ||
| 040 | |a GR-MY-UA |b gre |e aacr | ||
| 041 | 0 | |a eng | |
| 082 | 0 | |a 512.2 |2 (19) | |
| 100 | 1 | |a Dornhoff, Larry L. | |
| 245 | 1 | 0 | |a Group Representation Theory (in 2 parts) : |b Modular Representation Theory / |c Larry Dornhoff |
| 260 | |a New York : |b Marcel Dekker, |c 1972 | ||
| 300 | |a 511 p.; |c 22 cm. | ||
| 490 | 1 | |a Pure and applied mathematics (Academic Press) |v ; 7 | |
| 505 | 0 | |a vol.2 Modular Representation Theory | |
| 650 | 0 | 0 | |a Representations of groups. |
| 650 | 0 | 0 | |a Modular representations of groups. |
| 740 | 0 | 2 | |a Modular Representation Theory |
| 830 | 0 | |a Pure and applied mathematics (Academic Press) | |
| 852 | |a INST |b SAMOS |e 19941122 |h 512.2 DOR |p 005300004393 |q 005300004393 |t BK |y 0 |z v.2 | ||
| 852 | |a INST |b SAMOS |e 19941122 |h 512.2 DOR |p 005300004393 |q 005300004393 |t BK |v v.2: |y 0 |z v.2 | ||
| 853 | |a INST |b SAMOS |h 512.2 DOR | ||
| 909 | |a Σ |b 035612 | ||